<?xml version="1.0" encoding="UTF-8"?>
<collection xmlns="http://www.loc.gov/MARC21/slim">
 <record>
  <leader>00578nam a22001575a 4500</leader>
  <controlfield tag="001">EUN.um038468</controlfield>
  <controlfield tag="003">AR-BaUNS</controlfield>
  <controlfield tag="005">20050623122910.0</controlfield>
  <controlfield tag="008">041125ss.f.####ag#a##########000#0#spa#d</controlfield>
  <datafield tag="245" ind1="1" ind2="0">
   <subfield code="a">Canal principal de la zona de riego Catriel, Dpto.General Roca, Pcia.de Río Negro /</subfield>
   <subfield code="c">Jorge A. Yañez.</subfield>
  </datafield>
  <datafield tag="260" ind1=" " ind2=" ">
   <subfield code="a">Bahía Blanca :</subfield>
   <subfield code="b">Universidad Nacional del Sur,</subfield>
   <subfield code="c">s.f.</subfield>
  </datafield>
  <datafield tag="300" ind1=" " ind2=" ">
   <subfield code="a">34 h. :</subfield>
   <subfield code="b">ilus. ;</subfield>
   <subfield code="c">29,5 cm. .</subfield>
  </datafield>
  <datafield tag="490" ind1="0" ind2=" ">
   <subfield code="a">Depto.de Ingeniería. Trabajo final de carrera</subfield>
  </datafield>
  <datafield tag="100" ind1="1" ind2=" ">
   <subfield code="a">Yañez, Jorge A.</subfield>
  </datafield>
  <datafield tag="082" ind1="0" ind2="4">
   <subfield code="a">627.5</subfield>
  </datafield>
  <datafield tag="859" ind1=" " ind2=" ">
   <subfield code="a">Ar-BaUNS</subfield>
   <subfield code="b">BIB. CENTRAL - Sector C</subfield>
   <subfield code="h">627.5</subfield>
   <subfield code="i">Y17</subfield>
   <subfield code="p">86346/981</subfield>
  </datafield>
 </record>
</collection>
